000 00483nam a2200157Ia 4500
008 100122s9999 xx 000 0 und d
082 _b76587
_a81
100 _aढसाळ नामदेव
245 _aसर्व काही समष्टीसाठी
250 _a1
260 _c2006
300 _a184
630 _aसर्व काही समष्टीसाठी
730 _aसर्व काही समष्टीसाठी
942 _cBOOK
999 _c393266
_d393263